| 000 | 00826nam a2200181Ia 4500 | ||
|---|---|---|---|
| 005 | 20250423095018.0 | ||
| 008 | 250422s9999 xx 000 0 und d | ||
| 020 | _a9780815770039 | ||
| 050 | _aHD 2766 .D47/ | ||
| 100 | _aEdited by Sam Peltzman & Clifford Winston | ||
| 245 | 0 | _aDeregulation of network industries | |
| 260 | _aWashington | ||
| 260 | _bThe Brooking institution | ||
| 260 | _c2000 | ||
| 300 | _a199 p | ||
| 650 | _a Public utilities--Deregulation--United States. Airlines--Deregulation--United States. Railroads--Deregulation--United States. Telecommunication--Deregulation--United States. Electric utilities--Deregulation--United States. Deregulation--United States. Industrial policy--United States. Business networks--Government policy--United States. | ||
| 942 | _cBK | ||
| 999 |
_c28969 _d28969 |
||